Handbook To The University Of Oxford (Record no. 1235297)

MARC details
000 -LEADER
fixed length control field 00514nam a2200193Ia 4500
008 - FIXED-LENGTH DATA ELEMENTS--GENERAL INFORMATION
fixed length control field 151121s9999||||xx |||||||||||||| ||und||
082 ## - DEWEY DECIMAL CLASSIFICATION NUMBER
Classification number 378।110/
082 ## - DEWEY DECIMAL CLASSIFICATION NUMBER
Item number HNW-50772
100 ## - MAIN ENTRY--PERSONAL NAME
Personal name Publisher
245 ## - TITLE STATEMENT
Title Handbook To The University Of Oxford
260 ## - PUBLICATION, DISTRIBUTION, ETC. (IMPRINT)
Name of publisher, distributor, etc Oxford At The Clarendon Press।
260 ## - PUBLICATION, DISTRIBUTION, ETC. (IMPRINT)
Date of publication, distribution, etc --
300 ## - PHYSICAL DESCRIPTION
Extent 480
600 ## - SUBJECT ADDED ENTRY--PERSONAL NAME
Personal name Publisher
630 ## - SUBJECT ADDED ENTRY--UNIFORM TITLE
Uniform title Handbook To The University Of Oxford
700 ## - ADDED ENTRY--PERSONAL NAME
Personal name Publisher
730 ## - ADDED ENTRY--UNIFORM TITLE
Uniform title Handbook To The University Of Oxford
942 ## - ADDED ENTRY ELEMENTS (KOHA)
Koha item type Book
Holdings
Withdrawn status Lost status Damaged status Not for loan Home library Current library Date acquired Total Checkouts Full call number Barcode Date last seen Price effective from Koha item type
        Hirachand Nemchand Wachanalaya, Solapur Hirachand Nemchand Wachanalaya, Solapur 11/21/2015   HNW-50772 HNW-50772 11/21/2015 11/21/2015 Book